Các nhân tố ảnh hưởng đến rủi ro tín dụng tại ngân hàng TMCP Đầu tư & Phát triển Việt Nam - Chi nhánh Bạc Liêu : Luận văn Thạc sĩ chuyên ngành Tài chính - Ngân hàng

Đề tài tập trung nghiên cứu phương pháp phân tích rủi ro tín dụng tại Ngân hàng TMCP Đầu tư & Phát triển Việt Nam - Chi nhánh Bạc Liêu trên cơ sở các nghiên cứu định tính và định lượng. Qua đó xác định các yếu tố ảnh hưởng đến rủi ro t...

Πλήρης περιγραφή

Αποθηκεύτηκε σε:
Λεπτομέρειες βιβλιογραφικής εγγραφής
Κύριος συγγραφέας: Hồ, Minh Khoa
Μορφή: Βιβλίο
Γλώσσα:Undetermined
Έκδοση: Cần Thơ Trường Đại học Cần Thơ 2012
Θέματα:
Ετικέτες: Προσθήκη ετικέτας
Δεν υπάρχουν, Καταχωρήστε ετικέτα πρώτοι!
Thư viện lưu trữ: Trung tâm Học liệu Trường Đại học Cần Thơ
LEADER 01443nam a2200217Ia 4500
001 CTU_177886
008 210402s9999 xx 000 0 und d
082 |a 332.12 
082 |b Kh401 
088 |a 60340201 
100 |a Hồ, Minh Khoa 
245 0 |a Các nhân tố ảnh hưởng đến rủi ro tín dụng tại ngân hàng TMCP Đầu tư & Phát triển Việt Nam - Chi nhánh Bạc Liêu : 
245 0 |b Luận văn Thạc sĩ chuyên ngành Tài chính - Ngân hàng 
245 0 |c Hồ Minh Khoa ; Võ Hoàng Khiêm (Hướng dẫn khoa học) 
260 |a Cần Thơ 
260 |b Trường Đại học Cần Thơ 
260 |c 2012 
520 |a Đề tài tập trung nghiên cứu phương pháp phân tích rủi ro tín dụng tại Ngân hàng TMCP Đầu tư & Phát triển Việt Nam - Chi nhánh Bạc Liêu trên cơ sở các nghiên cứu định tính và định lượng. Qua đó xác định các yếu tố ảnh hưởng đến rủi ro tín dụng nhằm xác định các giải pháp hạn chế rủi ro tín dụng tại Ngân Hàng TMCP Đầu tư và Phát triển Việt Nam - Chi nhánh Bạc Liêu 
650 |a Ngân hàng và hoạt động ngân hàng,Banks and banking 
904 |i Phú,Hải 
980 |a Trung tâm Học liệu Trường Đại học Cần Thơ